00269nam a2200121Ia 45000030006000000080041000060400015000471000017000622450019000792600020000985460012001180050017001300STCL150530s9999 xx 000 0 und d aSTCLcSTCL aThomas Hardy aTrumphet major bMacmillanc1965 aEnglish20220125171020.0